[Event "80. Francia ch"]
[Site "Chartres FRA"]
[Date "2005.08.24"]
[Round "9.5"]
[White "Vaisser, Anatoly"]
[Black "Bauer, Christian"]
[Result "1/2-1/2"]
[WhiteElo "2576"]
[BlackElo "2641"]
[PlyCount "176"]
[EventDate "2005.08.15"]
[EventType "tourn"]
[EventRounds "11"]
[EventCountry "FRA"]
[EventCategory "13"]
[Source "lmi"]
[SourceDate "2005.08.28"]

1. d4 f5 2. Nc3 Nf6 3. Bg5 d5 4. Bxf6 exf6 5. e3 Be6 6. Bd3 Nc6 7. a3 Qd7 8.
Nge2 Ne7 9. Nf4 Bf7 10. Be2 Ng6 11. Nh5 Rg8 12. h3 O-O-O 13. Qd3 Kb8 14. O-O-O
c6 15. g4 Be6 16. Rdg1 Bd6 17. gxf5 Bxf5 18. Bg4 Nh4 19. Bxf5 Nxf5 20. Ne2 Rh8
21. h4 Bc7 22. Rg2 Rdf8 23. c4 g6 24. Nhg3 dxc4 25. Qxc4 Nd6 26. Qb3 Re8 27.
Nc3 Rhf8 28. Nge2 Qf7 29. d5 cxd5 30. Nxd5 Ne4 31. Rd1 Bb6 32. Kb1 f5 33. Ka2
Rd8 34. f3 Nf6 35. Nec3 Ba5 36. Rgd2 Bxc3 37. Nxc3 Rxd2 38. Rxd2 Qxb3+ 39. Kxb3
a6 40. Rd6 Kc8 41. Kc4 Rf7 42. Kd4 Ne8 43. Rb6 Rd7+ 44. Nd5 Nc7 45. e4 fxe4 46.
fxe4 Nxd5 47. exd5 Rg7 48. Rf6 g5 49. hxg5 Rxg5 50. Rh6 Rg7 51. b4 Rc7 52. a4
Rg7 53. a5 Rc7 54. Rh4 Kd8 55. Ke5 Rg7 56. Kd4 Rc7 57. Rh5 Kc8 58. Rf5 Rd7 59.
Kc5 Rc7+ 60. Kd6 Rd7+ 61. Ke6 Kc7 62. Rf8 Rd6+ 63. Ke5 Rd7 64. Rf6 Re7+ 65. Kd4
Rg7 66. Kc5 Kc8 67. Rf8+ Kd7 68. Rf5 h6 69. Rf6 Rh7 70. Kb6 Ke8 71. Rf4 h5 72.
Rh4 Kd8 73. d6 Kc8 74. Ka7 Rh8 75. d7+ Kc7 76. Rc4+ Kxd7 77. Kxb7 h4 78. Rd4+
Ke6 79. Kxa6 h3 80. Rd1 h2 81. Rh1 Kd6 82. Kb7 Rh7+ 83. Kb6 Kd7 84. Kb7 Kd6+
85. Kb6 Kd7 86. a6 Kc8 87. b5 Kb8 88. Ka5 Rh5 1/2-1/2

[Event "80. Francia ch"]
[Site "Chartres FRA"]
[Date "2005.08.25"]
[Round "10.2"]
[White "Marzolo, Cyril"]
[Black "Fressinet, Laurent"]
[Result "0-1"]
[WhiteElo "2388"]
[BlackElo "2627"]
[PlyCount "72"]
[EventDate "2005.08.15"]
[EventType "tourn"]
[EventRounds "11"]
[EventCountry "FRA"]
[EventCategory "13"]
[Source "lmi"]
[SourceDate "2005.08.28"]

1. d4 d5 2. c4 c6 3. Nc3 Nf6 4. cxd5 cxd5 5. Bf4 Nc6 6. Nf3 a6 7. e3 Bg4 8. Bd3
e6 9. h3 Bh5 10. O-O Be7 11. Be2 Nd7 12. Ne1 Bg6 13. Bd3 Rc8 14. Bxg6 hxg6 15.
Nd3 O-O 16. Qe2 Nb4 17. Rfc1 Qb6 18. Ne5 Nxe5 19. Bxe5 Nc6 20. Bg3 Na5 21. Nd1
Rc6 22. Rxc6 Qxc6 23. Qd2 Qa4 24. b3 Nxb3 25. Qc2 Nc5 26. Qb2 Ne4 27. Qxb7 Ba3
28. Bf4 Qa5 29. Kf1 Nd2+ 30. Ke2 Nc4 31. e4 Bd6 32. Bc1 dxe4 33. Qc6 Qb4 34.
Qxa6 e5 35. Ne3 Nxe3 36. fxe3 exd4 0-1

[Event "80. Francia ch"]
[Site "Chartres FRA"]
[Date "2005.08.25"]
[Round "10.3"]
[White "Apicella, Manuel"]
[Black "Kosten, Anthony C"]
[Result "1/2-1/2"]
[WhiteElo "2553"]
[BlackElo "2522"]
[PlyCount "23"]
[EventDate "2005.08.15"]
[EventType "tourn"]
[EventRounds "11"]
[EventCountry "FRA"]
[EventCategory "13"]
[Source "lmi"]
[SourceDate "2005.08.28"]

1. e4 e5 2. Nf3 Nc6 3. Bb5 a6 4. Ba4 d6 5. O-O Bd7 6. c4 Nf6 7. Nc3 g6 8. d3
Bg7 9. Nd5 h6 10. h3 O-O 11. Be3 Nh5 12. Nh2 1/2-1/2

[Event "80. Francia ch"]
[Site "Chartres FRA"]
[Date "2005.08.25"]
[Round "10.4"]
[White "Vachier-Lagrave, Maxime"]
[Black "Degraeve, Jean-Marc"]
[Result "1/2-1/2"]
[WhiteElo "2527"]
[BlackElo "2546"]
[PlyCount "108"]
[EventDate "2005.08.15"]
[EventType "tourn"]
[EventRounds "11"]
[EventCountry "FRA"]
[EventCategory "13"]
[Source "lmi"]
[SourceDate "2005.08.28"]

1. e4 e6 2. d4 d5 3. Nd2 c5 4. exd5 exd5 5. Ngf3 Nc6 6. Bb5 Bd6 7. O-O cxd4 8.
Re1+ Nge7 9. Nxd4 O-O 10. N2b3 Bd7 11. c3 Ng6 12. Qh5 Nxd4 13. Nxd4 Bxb5 14.
Nxb5 Bc5 15. b4 Re8 16. Bd2 Bb6 17. Qf5 Rxe1+ 18. Rxe1 a6 19. Na3 h6 20. Nc2
Rc8 21. Ne3 Ne7 22. Qf3 Rc6 23. Ng4 h5 24. Ne3 d4 25. Nd1 dxc3 26. Bxc3 Nd5 27.
Bd2 g6 28. Qb3 Nf6 29. Bg5 Qd7 30. Qf3 Nh7 31. Bf4 Rf6 32. Qg3 Re6 33. Rf1 Nf6
34. Be3 Bc7 35. Qf3 Qd6 36. g3 Qxb4 37. Bc1 Ng4 38. Ne3 Nxe3 39. Bxe3 Qe4 40.
Qxe4 Rxe4 41. Rc1 Bd6 42. Rc8+ Kg7 43. Rd8 Re6 44. a4 b5 45. axb5 axb5 46. Rd7
b4 47. Kf1 Be5 48. Rb7 Bc3 49. Kg2 Kf6 50. Kf3 Rc6 51. Ke4 Ke6 52. Kd3 f6 53.
Rb5 g5 54. Bc5 Kf7 1/2-1/2

[Event "80. Francia ch"]
[Site "Chartres FRA"]
[Date "2005.08.25"]
[Round "10.5"]
[White "Sokolov, Andrei"]
[Black "Vaisser, Anatoly"]
[Result "1-0"]
[WhiteElo "2603"]
[BlackElo "2576"]
[PlyCount "155"]
[EventDate "2005.08.15"]
[EventType "tourn"]
[EventRounds "11"]
[EventCountry "FRA"]
[EventCategory "13"]
[Source "lmi"]
[SourceDate "2005.08.28"]

1. e4 e6 2. d4 d5 3. Nd2 dxe4 4. Nxe4 Nd7 5. Nf3 Ngf6 6. Nxf6+ Nxf6 7. Bg5 h6
8. Be3 Nd5 9. Qd2 Bd6 10. O-O-O Qe7 11. Bc4 Nxe3 12. Qxe3 Bd7 13. Rhe1 O-O 14.
Ne5 Bxe5 15. Qxe5 Qd6 16. d5 Qxe5 17. Rxe5 Rae8 18. dxe6 Bxe6 19. Rde1 g5 20.
f3 Kg7 21. Bxe6 Kf6 22. Rf5+ Kg7 23. Rfe5 Kf6 24. Rf5+ Kg7 25. Ra5 a6 26. Rae5
Kf6 27. Rf5+ Kg7 28. Rfe5 Kf6 29. Rf5+ Kg7 30. Rd5 fxe6 31. Rd7+ Rf7 32. Red1
Ree7 33. Rxe7 Rxe7 34. Rd8 h5 35. Kd2 Kf6 36. Ke3 Ke5 37. Rg8 Kf5 38. Rf8+ Ke5
39. Rg8 Kf5 40. Rf8+ Ke5 41. Rh8 h4 42. Rh5 Kf6 43. f4 gxf4+ 44. Kxf4 e5+ 45.
Ke4 Rd7 46. Rf5+ Kg6 47. Rf2 Re7 48. b4 c6 49. c4 Re8 50. a4 b5 51. axb5 axb5
52. c5 Rd8 53. Kxe5 Rd5+ 54. Ke4 Kg5 55. h3 Rd1 56. Rf5+ Kg6 57. Rf4 Re1+ 58.
Kd4 Rd1+ 59. Ke5 Rd5+ 60. Ke6 Kg5 61. Rg4+ Kh5 62. Kf6 Rd2 63. Ke7 Rd1 64. Re4
Kg5 65. Rg4+ Kh5 66. Re4 Kg5 67. Re5+ Kf4 68. Re6 Rd4 69. Rxc6 Rxb4 70. Rf6+
Kg3 71. Rg6+ Kh2 72. c6 Rc4 73. Kd7 b4 74. c7 b3 75. Rb6 Rd4+ 76. Kc6 Rc4+ 77.
Kb7 Rc3 78. c8=Q 1-0

[Event "80. Francia ch"]
[Site "Chartres FRA"]
[Date "2005.08.25"]
[Round "10.6"]
[White "Bauer, Christian"]
[Black "Fontaine, Robert"]
[Result "1-0"]
[WhiteElo "2641"]
[BlackElo "2526"]
[PlyCount "77"]
[EventDate "2005.08.15"]
[EventType "tourn"]
[EventRounds "11"]
[EventCountry "FRA"]
[EventCategory "13"]
[Source "lmi"]
[SourceDate "2005.08.28"]

1. d4 d5 2. c4 c6 3. Nc3 Nf6 4. e3 a6 5. Nf3 b5 6. b3 Bg4 7. Bd2 Nbd7 8. h3
Bxf3 9. Qxf3 b4 10. Na4 Ne4 11. Bc1 e6 12. Bd3 f5 13. g4 g6 14. gxf5 exf5 15.
h4 Bg7 16. Bb2 O-O 17. O-O-O Ndf6 18. Qg2 Nh5 19. Be2 f4 20. Bxh5 gxh5 21. Rhg1
Qf6 22. f3 Ng3 23. Nc5 Qf7 24. cxd5 cxd5 25. e4 a5 26. Kb1 Rac8 27. exd5 Qxd5
28. Ne4 Rc6 29. Rc1 Rg6 30. Rc5 Qa8 31. Ng5 Nf5 32. Qc2 Ne3 33. Qd3 a4 34. bxa4
Qxa4 35. Rgc1 Qd7 36. Qb3+ Kh8 37. d5 Qf5+ 38. Ka1 Kg8 39. d6+ 1-0

[Event "80. Francia ch"]
[Site "Chartres FRA"]
[Date "2005.08.26"]
[Round "11.1"]
[White "Kosten, Anthony C"]
[Black "Vachier-Lagrave, Maxime"]
[Result "0-1"]
[WhiteElo "2522"]
[BlackElo "2527"]
[PlyCount "112"]
[EventDate "2005.08.15"]
[EventType "tourn"]
[EventRounds "11"]
[EventCountry "FRA"]
[EventCategory "13"]
[Source "lmi"]
[SourceDate "2005.08.28"]

1. d4 Nf6 2. Nf3 g6 3. Nc3 c5 4. dxc5 Qa5 5. Qd4 Nc6 6. Qa4 Qxc5 7. Be3 Qb4 8.
Qxb4 Nxb4 9. O-O-O d6 10. Nb5 Nbd5 11. Bg5 Be6 12. Bxf6 Nxf6 13. Nc7+ Kd7 14.
Nxa8 Ng4 15. Rg1 Nxf2 16. Re1 Bh6+ 17. e3 Rxa8 18. h3 Rc8 19. Kb1 Ne4 20. Bd3
Bd5 21. c4 Bc6 22. Nd4 Ng3 23. b3 e5 24. Nc2 f5 25. Nb4 a5 26. Nc2 Ke7 27. Rd1
e4 28. Bf1 Rf8 29. Re1 f4 30. exf4 Bxf4 31. Rd1 Be5 32. c5 d5 33. b4 axb4 34.
Nxb4 d4 35. Bc4 Rf2 36. Rge1 Kf6 37. Bd3 Ba4 38. Rc1 exd3 39. Nxd3 Rf5 40. Nb4
Bf4 41. Rc4 Bd2 42. Rg1 Ne2 43. g4 Bb5 44. Rxd4 Nxd4 45. gxf5 Bxb4 46. fxg6
hxg6 47. Rc1 Ne6 48. a4 Bd3+ 49. Kb2 Nxc5 50. h4 Bf5 51. Rh1 Kg7 52. h5 g5 53.
Rf1 Nd3+ 54. Kb3 Be6+ 55. Kc2 Nf4 56. Ra1 g4 0-1

[Event "80. Francia ch"]
[Site "Chartres FRA"]
[Date "2005.08.26"]
[Round "11.2"]
[White "Fontaine, Robert"]
[Black "Sokolov, Andrei"]
[Result "1/2-1/2"]
[WhiteElo "2526"]
[BlackElo "2603"]
[PlyCount "23"]
[EventDate "2005.08.15"]
[EventType "tourn"]
[EventRounds "11"]
[EventCountry "FRA"]
[EventCategory "13"]
[Source "lmi"]
[SourceDate "2005.08.28"]

1. e4 c5 2. Nf3 e6 3. d4 cxd4 4. Nxd4 Nf6 5. Nc3 d6 6. Be3 Nc6 7. Bd3 Be7 8.
O-O O-O 9. h3 Bd7 10. Qe2 Nxd4 11. Bxd4 Bc6 12. Rad1 1/2-1/2

[Event "80. Francia ch"]
[Site "Chartres FRA"]
[Date "2005.08.26"]
[Round "11.4"]
[White "Degraeve, Jean-Marc"]
[Black "Bagheri, Amir"]
[Result "1/2-1/2"]
[WhiteElo "2546"]
[BlackElo "2537"]
[PlyCount "23"]
[EventDate "2005.08.15"]
[EventType "tourn"]
[EventRounds "11"]
[EventCountry "FRA"]
[EventCategory "13"]
[Source "lmi"]
[SourceDate "2005.08.28"]

1. e4 c6 2. d4 d5 3. exd5 cxd5 4. Bd3 Nc6 5. c3 Nf6 6. Bf4 Bg4 7. Qb3 Qd7 8.
Nd2 e6 9. Ngf3 Bxf3 10. Nxf3 Bd6 11. Bxd6 Qxd6 12. O-O 1/2-1/2

[Event "80. Francia ch"]
[Site "Chartres FRA"]
[Date "2005.08.26"]
[Round "11.5"]
[White "Vaisser, Anatoly"]
[Black "Marzolo, Cyril"]
[Result "1-0"]
[WhiteElo "2576"]
[BlackElo "2388"]
[PlyCount "39"]
[EventDate "2005.08.15"]
[EventType "tourn"]
[EventRounds "11"]
[EventCountry "FRA"]
[EventCategory "13"]
[Source "lmi"]
[SourceDate "2005.08.28"]

1. b3 e5 2. Bb2 Nc6 3. e3 Nf6 4. Bb5 Bd6 5. Ne2 O-O 6. Ng3 Ne7 7. f4 Ng6 8. f5
Ne7 9. Bd3 c6 10. Nc3 Bc7 11. O-O d5 12. e4 a6 13. a4 g6 14. Qe2 Kh8 15. Kh1
gxf5 16. exd5 f4 17. Rxf4 Ng6 18. Rff1 Nxd5 19. Nxd5 Qxd5 20. Qh5 1-0

[Event "80. Francia ch"]
[Site "Chartres FRA"]
[Date "2005.08.26"]
[Round "11.6"]
[White "Fressinet, Laurent"]
[Black "Apicella, Manuel"]
[Result "1-0"]
[WhiteElo "2627"]
[BlackElo "2553"]
[PlyCount "105"]
[EventDate "2005.08.15"]
[EventType "tourn"]
[EventRounds "11"]
[EventCountry "FRA"]
[EventCategory "13"]
[Source "lmi"]
[SourceDate "2005.08.28"]

1. d4 d5 2. c4 e6 3. Nf3 c6 4. Qc2 Bd6 5. Bg5 Ne7 6. e3 O-O 7. Nc3 f5 8. Bd3
Na6 9. a3 dxc4 10. Bxc4 b5 11. Be2 b4 12. axb4 Nxb4 13. Qd2 h6 14. Bf4 Bxf4 15.
exf4 c5 16. O-O cxd4 17. Qxd4 Qxd4 18. Nxd4 Ng6 19. g3 e5 20. fxe5 Nxe5 21. Ra5
Nec6 22. Nxc6 Nxc6 23. Bc4+ Kh8 24. Rc5 Bb7 25. Bd5 Nd8 26. Re1 Bxd5 27. Nxd5
Rb8 28. Rc7 Rb7 29. Ree7 Rxc7 30. Rxc7 Rf7 31. Rxf7 Nxf7 32. Kf1 g5 33. Ke2 Kg7
34. Ne7 Nd6 35. Nc6 Nb5 36. Kd3 Kf6 37. Kc4 Nd6+ 38. Kd4 a6 39. b4 Nb7 40. Kd5
g4 41. Nd4 a5 42. Kc6 axb4 43. Kxb7 Ke5 44. Nc6+ Ke4 45. Nxb4 Kf3 46. Nd3 Ke2
47. Nf4+ Kxf2 48. Kc6 Kg1 49. Kd5 Kxh2 50. Nh5 f4 51. gxf4 g3 52. Nxg3 Kxg3 53.
f5 1-0